Computers (How things work)

সংরক্ষণ করুন:
গ্রন্থ-পঞ্জীর বিবরন
বিন্যাস: গ্রন্থ
ভাষা:Undetermined
প্রকাশিত: Alexandria, Virginia Time-life Books 1990
বিষয়গুলি:
ট্যাগগুলো: ট্যাগ যুক্ত করুন
কোনো ট্যাগ নেই, প্রথমজন হিসাবে ট্যাগ করুন!
Thư viện lưu trữ: Trung tâm Học liệu Trường Đại học Cần Thơ
LEADER 00457nam a2200169Ia 4500
001 CTU_17896
008 210402s9999 xx 000 0 und d
020 |b Harvard-Yenching Institute 
082 |a 004 
082 |b C736 
245 0 |a Computers (How things work) 
260 |a Alexandria, Virginia 
260 |b Time-life Books 
260 |c 1990 
650 |a computers 
904 |i Minh, 970812 
980 |a Trung tâm Học liệu Trường Đại học Cần Thơ